000 00513 a2200193 4500
005 20250111160916.0
008 250111b |||||||| |||| 00| 0 eng d
020 _a9788123923543
_cRs. 575.00
040 _aMAIN
082 _a546
_bD26F
100 _aDas, Asim K
245 _aFundamental concepts of inorganic chemistry, V7
260 _bCBS Publishers and Distributors
_c2022
_aNew Delhi
300 _av.
650 _aChemistry
650 _aInorganic Chemistry
700 _aDas, Mahua
942 _cBK
999 _c359519
_d359519